Numero Atomique - Statistiques

Statistiques générales
  • Ce quiz a été pris 69 fois
  • Le résultat moyen est 6 sur 12
Statistiques - réponses
Hint Réponse % Correct
Hassium 108
100%
Oganesson 118
100%
Magnesium 12
100%
Soufre 16
100%
Chlore 17
100%
Argon 18
100%
Potassium 19
100%
Manganese 25
100%
Fer 26
100%
Lithium 3
100%
Zinc 30
100%
Gallium 31
100%
Brome 35
100%
Zirconium 40
100%
Argent 47
100%
Etain 50
100%
Antimoine 51
100%
Tellure 52
100%
Cerium 58
100%
Carbone 6
100%
Promethium 61
100%
Dysprosium 66
100%
Azote 7
100%
Hafnium 72
100%
Tungstene 74
100%
Osmium 76
100%
Mercure 80
100%
Plomb 82
100%
Bismuth 83
100%
Actinium 89
100%
Uranium 92
100%
Berkelium 97
100%
Darmstadtium 110
50%
Livermorium 116
50%
Vanadium 23
50%
Cuivre 29
50%
Germanium 32
50%
Niobium 41
50%
Molybdene 42
50%
Holmium 67
50%
Lutecium 71
50%
Radon 86
50%
Radium 88
50%
Arsenic 33
33%
Cesium 55
33%
Hydrogene 1
0%
Neon 10
0%
Fermium 100
0%
Mendelevium 101
0%
Nobelium 102
0%
Lawrencium 103
0%
Rutherfordium 104
0%
Dubnium 105
0%
Seaborgium 106
0%
Bohrium 107
0%
Meitnerium 109
0%
Sodium 11
0%
Roentgenium 111
0%
Copernicium 112
0%
Nihonium 113
0%
Flerovium 114
0%
Moscovium 115
0%
Tenesse 117
0%
Aluminium 13
0%
Silicium 14
0%
Phosphore 15
0%
Helium 2
0%
Calcium 20
0%
Scandium 21
0%
Titane 22
0%
Chrome 24
0%
Cobalt 27
0%
Nickel 28
0%
Selenium 34
0%
Krypton 36
0%
Rubidium 37
0%
Strontium 38
0%
Yttrium 39
0%
Berylium 4
0%
Technetium 43
0%
Ruthenium 44
0%
Rodium 45
0%
Palladium 46
0%
Cadmium 48
0%
Indium 49
0%
Bore 5
0%
Iode 53
0%
Xenon 54
0%
Barium 56
0%
Lanthane 57
0%
Praseodyme 59
0%
Neodyme 60
0%
Samarium 62
0%
Europium 63
0%
Gadolinium 64
0%
Terbium 65
0%
Erbium 68
0%
Thulium 69
0%
Ytterbium 70
0%
Tantale 73
0%
Rhenium 75
0%
Iridium 77
0%
Platine 78
0%
Or 79
0%
Oxygene 8
0%
Thallium 81
0%
Polonium 84
0%
Astate 85
0%
Francium 87
0%
Fluor 9
0%
Thorium 90
0%
Protactinium 91
0%
Neptunium 93
0%
Plutonium 94
0%
Americium 95
0%
Curium 96
0%
Californium 98
0%
Einstenium 99
0%
Aucun quiz correspondant
Distribution des résultats
% des personnes avec chaque résultat
Percentile par nombre de réponses
Votre historique - résultats
Vous n’avez pas pris ce quiz